000305555 001__ 305555
000305555 005__ 20230204173716.0
000305555 0247_ $$aG:(GEPRIS)5334104$$d5334104
000305555 035__ $$aG:(GEPRIS)5334104
000305555 040__ $$aGEPRIS$$chttp://gepris.its.kfa-juelich.de
000305555 150__ $$aKleine Hitzeschockproteine als Teil der zellulären Chaperonmaschinerie (A05)$$y2001 - 2012
000305555 371__ $$aProfessor Dr. Johannes Buchner
000305555 371__ $$aDr. Martin Haslbeck
000305555 450__ $$aSFB 594 A05$$wd$$y2001 - 2012
000305555 5101_ $$0I:(DE-588b)2007744-0$$aDeutsche Forschungsgemeinschaft$$bDFG
000305555 550__ $$0G:(GEPRIS)5484884$$aSFB 594: Molekulare Maschinen in Proteinfaltung und Proteintransport$$wt
000305555 680__ $$aKleine Hitzeschockproteine (sHsps) bilden eine ubiquitär vorkommende Familie von molekularen Chaperonen. In den letzten Jahren konnten Regulationsmechanismen identifiziert und gezeigt werden, dass die Zusammenarbeit von sHsps mit ATP-abhängigen Chaperonen für die effiziente Rückfaltung der gebundenen Substratproteine entscheidend ist. Im Rahmen des vorgeschlagenen Projekts untersuchen wir die zu Grunde liegenden, molekularen Funktionsmechanismen von sHsps bei der Bindung von Substratproteinen und das Zusammenspiel verschiedener sHsps innerhalb eines Organismus in vergleichender Weise.
000305555 909CO $$ooai:juser.fz-juelich.de:972430$$pauthority:GRANT$$pauthority
000305555 909CO $$ooai:juser.fz-juelich.de:972430
000305555 980__ $$aG
000305555 980__ $$aAUTHORITY